Statistics for Is this country a Soviet Union country before?

Click here to take the quiz!

General Stats

  • This quiz has been taken 24 times
  • The average score is 19 of 20

Answer Stats

QuestionAnswer% Correct
Is Georgia a Soviet Union country before?Yes
100%
Is Russia a Soviet Union country before?Yes
100%
Is China a Soviet Union country before?No
96%
Is Finland a Soviet Union country before?No
96%
Is Japan a Soviet Union country before?No
96%
Is Turkey a Soviet Union country beforeNo
96%
Is Tajikistan a Soviet Union country before?Yes
96%
Is Turkmenistan a Soviet Union country before?Yes
96%
Is Kyrgyzstan a Soviet Union country before?Yes
96%
Is Ukraine a Soviet Union country before?Yes
96%
Is Kazakhstan a Soviet Union country before?Yes
96%
Is Uzbekistan a Soviet Union country before?Yes
96%
Is Belarus a Soviet Union country before?Yes
96%
Is North Korea a Soviet Union country before?No
91%
Is Croatia a Soviet Union country before?No
91%
Is Czechia a Soviet Union country before?No
91%
Is Moldova a Soviet Union country before?Yes
91%
Is Bulgaria a Soviet Union country before?No
87%
Is Armenia a Soviet Union country before?Yes
87%
Is Romania a Soviet Union country before?No
83%

Score Distribution

Percentile by Number Answered

Percent of People with Each Score

Your Score History

You have not taken this quiz